[Event "Bayernliga U20 1112"]
[Site "Bayern"]
[Date "2011.12.03"]
[Round "2.5"]
[White "Nebel, Joshua"]
[Black "Heimbaecher, Moritz"]
[Result "0-1"]
[WhiteElo "1070"]
[BlackElo "1794"]
[PlyCount "78"]
[EventDate "2011.11.12"]
[EventType "team-swiss"]
[EventRounds "7"]
[EventCountry "GER"]
[SourceTitle "EXT 2022"]
[Source "ChessBase"]
[SourceDate "2021.10.06"]
[SourceVersion "1"]
[SourceVersionDate "2021.10.06"]
[SourceQuality "1"]
[WhiteTeam "Klosterlechfeld U20"]
[BlackTeam "Vaterstetten SC U20"]
[WhiteTeamCountry "GER"]
[BlackTeamCountry "GER"]

1. e4 c6 2. c4 d5 3. f3 e5 4. g3 dxe4 5. fxe4 Bc5 6. Ne2 Qf6 7. d3 Qf3 8. Rg1 Bf2+ 9. Kd2 Be3+ 10. Kc2 Bxg1 11. Nxg1 Qxd1+ 12. Kxd1 Be6 13. Nf3 Nd7 14. d4 Bg4 15. Be2 Bxf3 16. Bxf3 exd4 17. b4 Ne5 18. Nd2 Nf6 19. Bg2 0-0 20. Bb2 Rad8 21. a4 Rfe8 22. Rc1 Nd3 23. Rb1 Nf2+ 24. Kc2 N2xe4 25. Re1 d3+ 26. Kc1 Nxd2 27. Rxe8+ Rxe8 28. Kxd2 Re2+ 29. Kxd3 Rxb2 30. Bf3 Rxb4 31. Bd1 Rb2 32. h3 Rg2 33. g4 Rg3+ 34. Kd4 Rxh3 35. g5 Rh4+ 36. Kc3 Ne4+ 37. Kb3 Nxg5 38. a5 f5 39. Kb4 f4 0-1